• 首页
  • 本馆介绍
  • 公告通知
  • 最新文献
  • 馆藏检索
  • 电子资源
  • 读者导购
  • 参考咨询
  • 我的图书馆
  • 登录
  • 详细信息显示
  • 放入我的书架
  • 预约/预借图书
  • 作者相关作品
  • 分类相关作品
  • 丛书相关作品
  • 出版社相关作品

书目信息

  • 表格格式
  • 工作单格式
  • 卡片格式
题名:
小学生作文指导·小学生课堂作文指导
    
 
作者: 张伯华 主编
分册:  
出版信息: 石家庄   花山文艺出版社  2002
页数: 311页
开本: 20cm
丛书名: 中国作文大厦丛书
单 册:
中图分类: G623.24
科图分类:
主题词: 小学--作文课
电子资源:
ISBN: 7-80673-100-8
000 00719nam0 2200229 450
001 0658914109
005 20060224081415.12
010    @a7-80673-100-8@dCNY12.00
100    @a20060223d2002 km y0chiy0120 ea
101 0  @achi
102    @aCN@b130000
102    @aCN@b130000
200 1  @a小学生作文指导·小学生课堂作文指导@Axiao xue sheng zuo wen zhi dao·xiao xue sheng ke tang zuo wen zhi dao@f张伯华主编@Fzhang bo hua zhu bian
210    @a石家庄@c花山文艺出版社@d2002
215    @a311页@d20cm
225    @a中国作文大厦丛书
410  0 @12001 @a中国作文大厦丛书
606 0  @a小学@x作文课
690    @aG623.24@v4
701  0 @a张伯华@Azhang bo hua@4主编
801  0 @aCN@bPFT@c20060224
905    @a10447@dG623.24@e154
    
    小学生作文指导·小学生课堂作文指导/张伯华主编.-石家庄:花山文艺出版社,2002
    311页;20cm.-(中国作文大厦丛书)
    
    
    ISBN 7-80673-100-8:CNY12.00
    
●
相关链接 在E读中查询图书 在五车中查询图书 在当当中查询图书 在豆瓣中查询图书


正题名:小学生作文指导·小学生课堂作文指导     索取号:G623.24/154         预约/预借

序号 登录号 条形码 馆藏地/架位号 状态 备注
1 0338520   203385201   第一样本阅览室/ [索取号:G623.24/154] 在馆    
唐山师范学院图书馆 欢迎您!
大连网信软件有限公司© 版权所有